000 00467nam a2200157 a 4500
005 20140310183337.0
008 061004s19uu xx 00 eng d
020 _a1-57851-874-1
100 _aHarvard Business Essentials
245 _aManaging change and transition/.
260 _aBoston, Masachusetts :
_bHarvard Business School Press,
_c2003.
300 _a138
650 _aOrganizational change.
650 _aOrganizational change
_xManagement.
942 _cBK
999 _c21700
_d21700